Một số phương pháp điền dã sưu tầm văn học dân gian
Sách giới thiệu những vấn đề chung và phương pháp điền dã sưu tầm văn học dân gian
Αποθηκεύτηκε σε:
| Κύριος συγγραφέας: | |
|---|---|
| Μορφή: | Βιβλίο |
| Γλώσσα: | Undetermined |
| Έκδοση: |
Hà Nội
Nxb. Đại học Quốc gia Hà Nội
2011
|
| Θέματα: | |
| Ετικέτες: |
Προσθήκη ετικέτας
Δεν υπάρχουν, Καταχωρήστε ετικέτα πρώτοι!
|
| Thư viện lưu trữ: | Trung tâm Học liệu Trường Đại học Cần Thơ |
|---|
| LEADER | 00781nam a2200193Ia 4500 | ||
|---|---|---|---|
| 001 | CTU_170617 | ||
| 008 | 210402s9999 xx 000 0 und d | ||
| 082 | |a 398.09597 | ||
| 082 | |b T406 | ||
| 100 | |a Trần, Xuân Toàn | ||
| 245 | 0 | |a Một số phương pháp điền dã sưu tầm văn học dân gian | |
| 245 | 0 | |c Trần Xuân Toàn | |
| 260 | |a Hà Nội | ||
| 260 | |b Nxb. Đại học Quốc gia Hà Nội | ||
| 260 | |c 2011 | ||
| 520 | |a Sách giới thiệu những vấn đề chung và phương pháp điền dã sưu tầm văn học dân gian | ||
| 650 | |a Folk literature, vietnamese,Văn học dân gian Việt Nam | ||
| 904 | |i Trọng Hải | ||
| 980 | |a Trung tâm Học liệu Trường Đại học Cần Thơ | ||